000 00282nam a2200121Ia 4500
008 190216s9999||||xx |||||||||||||| ||und||
100 _aUlloor S Parameswara Aiyer
245 0 _aDeepavali
260 _bUlloor Publishers
_c1970
300 _a66p
650 _aKavithkal
942 _cBK
999 _c24247
_d24247